Coldest Countries in January - Statistics

General Stats
  • This quiz has been taken 89 times
  • The average score is 18 of 20
Answer Stats
Temperature Country % Correct
- 21.4 °C Canada
100%
- 9.2 °C Finland
100%
- 23.4 °C Russia
100%
- 6.9 °C Sweden
100%
- 4.8 °C Norway
99%
- 2.8 °C United States
99%
- 3.6 °C Estonia
92%
- 10.8 °C Kazakhstan
92%
- 20.4 °C Mongolia
92%
- 6.8 °C China
91%
- 3.4 °C Latvia
91%
- 4.8 °C Belarus
90%
- 3.3 °C Ukraine
88%
- 3.4 °C Lithuania
87%
- 9.9 °C North Korea
87%
- 11.4 °C Tajikistan
87%
- 12.9 °C Kyrgyzstan
86%
- 3.5 °C Georgia
77%
- 5.3 °C Armenia
74%
- 2.7 °C Bhutan
68%
No matching quizzes found
Score Distribution
Percent of People with Each Score
Percentile by Number Answered
Your Score History
You have not taken this quiz